Construction Management: (Record no. 546226)

000 -LEADER
fixed length control field 00701nam a2200205 a 4500
020 ## - INTERNATIONAL STANDARD BOOK NUMBER
International Standard Book Number 9781439809419 (hb)
082 ## - DEWEY DECIMAL CLASSIFICATION NUMBER
Classification number 624.068
Author Mark DHA
-- L-14, P-178
100 1# - MAIN ENTRY--PERSONAL NAME
Personal name Dharwadker p.p
9 (RLIN) 36887
245 1# - TITLE STATEMENT
Title Construction Management:
Remainder of title subcontractor scopes of work.
260 ## - PUBLICATION, DISTRIBUTION, ETC.
Place of publication, distribution, etc. New Delhi:
Name of publisher, distributor, etc. Oxford & IBH Publishing Com,
Date of publication, distribution, etc. 1989.
300 ## - PHYSICAL DESCRIPTION
Extent ix, 446p. : ill.
526 ## - STUDY PROGRAM INFORMATION NOTE
Program name 0
Interest level 0
Reading level 0
Title point value 624_068000000000000_DHA
526 ## - STUDY PROGRAM INFORMATION NOTE
Program name 0
Interest level 0
Reading level 0
Title point value 624_068000000000000_DHA
650 #0 - SUBJECT ADDED ENTRY--TOPICAL TERM
Topical term or geographic name entry element Building -- Planning.
9 (RLIN) 42312
650 #0 - SUBJECT ADDED ENTRY--TOPICAL TERM
Topical term or geographic name entry element Building -- Superintendence.
9 (RLIN) 42313
650 #0 - SUBJECT ADDED ENTRY--TOPICAL TERM
Topical term or geographic name entry element Construction Industry -- Subcontracting.
9 (RLIN) 42314
650 #0 - SUBJECT ADDED ENTRY--TOPICAL TERM
Topical term or geographic name entry element MCE
9 (RLIN) 379
700 ## - ADDED ENTRY--PERSONAL NAME
Personal name Hinze, Jimmie. (jt. auth.).
9 (RLIN) 42315
942 ## - ADDED ENTRY ELEMENTS (KOHA)
Source of classification or shelving scheme
Koha item type Book
Holdings
Withdrawn status Lost status Source of classification or shelving scheme Damaged status Not for loan Permanent Location Current Location Date acquired Total Checkouts Full call number Barcode Date last seen Price effective from Koha item type
          Military College of Engineering (MCE) Military College of Engineering (MCE) 06/04/2014   624.068 DHA MCE-27605/2 06/04/2014 03/14/2021 Book
          Military College of Engineering (MCE) Military College of Engineering (MCE) 06/04/2014   624.068 DHA MCE-27605/1 06/04/2014 06/04/2014 Book
© 2023 Central Library, National University of Sciences and Technology. All Rights Reserved.